000 00444nam a2200133Ia 4500
008 170516s9999 xx 000 0 und d
245 _aSuccessful removal of a Gunther tulip vena cava filter with wall-embedded hook and migration during a retrieval attempt
260 _bActa Radiologica Open
260 _c2013
300 _a2:1
650 _xRadiologic Technology
650 _xRadtech
856 _uhttp://journals.sagepub.com/toc/arra/2/1
999 _c332849
_d332849